Les meilleurs expressions pour dire se "masturber" - Statistiques

Statistiques générales
  • Ce quiz a été pris 16 fois
  • Le résultat moyen est 1 sur 10
Statistiques - réponses
TOP Expressions % Correct
4 S'astiquer
93%
2 Se pougner
13%
1 Tirer le manche
7%
5 Affûter la lame
0%
6 Armer le fusil
0%
9 Eguiser la lance
0%
7 Faire baver le vieux
0%
3 Faire pleurer la bête
0%
10 Faire vomir l'asticot
0%
8 Se lustrer le poireau
0%
Aucun quiz correspondant
Distribution des résultats
% des personnes avec chaque résultat
Percentile par nombre de réponses
Votre historique - résultats
Vous n’avez pas pris ce quiz